|
|
|
|
| LEADER |
00000nas a22000005a 4500 |
| 001 |
ssj0000779551 |
| 003 |
WaSeSS |
| 005 |
20200512172242.0 |
| 006 |
m d |
| 007 |
cr n |
| 008 |
080303c19949999xv || p s | 0slv |
| 022 |
|
|
|l 1318-2129
|y 1318-2129
|
| 035 |
|
|
|a (WaSeSS)ssj0000779551
|
| 040 |
|
|
|a DNLM
|c DNLM
|d WaSeSS
|
| 060 |
0 |
0 |
|a W1
|b IN415PH
|
| 245 |
0 |
0 |
|a Informatica medica slovenica
|h [electronic resource].
|
| 260 |
|
|
|a Maribor :
|b Dr. Adolf Drolc Medical Center
|
| 310 |
|
|
|a Quarterly
|
| 362 |
1 |
|
|a Began with 1994.
|
| 500 |
|
|
|a Description based on: ISSN Portal.
|
| 506 |
|
|
|a License restrictions may limit access.
|
| 655 |
|
0 |
|a Electronic journals.
|
| 856 |
4 |
0 |
|z Full text available from Research Library: 01/01/2011 to present
|u https://search.proquest.com/publication/1576360
|